| 000 | 00507cam a2200193ua 4500 | ||
|---|---|---|---|
| 020 |
_a81 7029 657 9 _c120.00 |
||
| 041 |
_aeng _h |
||
| 082 |
_a004.56 _bMAN/MO |
||
| 100 | _aManahar, Lotia . | ||
| 245 |
_aModern all about floppy discs and drives / _cManahar Lotia. _hTextual Documents |
||
| 250 |
_a1 / _b. |
||
| 260 |
_aNew Delhi : _bB P B Publishers , _c1995. |
||
| 300 | _a300 ; . | ||
| 365 | _a120.00 | ||
| 504 | _a | ||
| 700 | 1 | _aPradeep, Nair . | |
| 942 | _cBK | ||
| 999 |
_c9604 _d9604 |
||